Language Quiz

Random Language or German Quiz

Der, Die, oder Das? Quiz Stats

Quiz not verified by Sporcle

Also try: 'UI' Words
Challenge
Share
Tweet
Embed
Score 0/195 Timer 20:00
0 Plays Today
Word Article % Correct
Autodas
81.4%
Buchdas
81.4%
Teeder
81.4%
Mutterdie
81.4%
Orangedie
81.3%
Familiedie
81.2%
Groβmutterdie
81.2%
Apfelder
81.2%
Wasserdas
81.1%
Tagder
81%
Freundder
81%
Tomatedie
81%
Brotdas
80.9%
Vaterder
80.9%
Fraudie
80.9%
Bananedie
80.8%
Schuledie
80.8%
Schwesterdie
80.8%
Kaffeeder
80.8%
Tischder
80.8%
Flascheeine
80.8%
Mannder
80.8%
Freundindie
80.7%
Studentder
80.7%
Marmeladedie
80.7%
Bruderder
80.7%
Sekundedie
80.7%
Restaurantdas
80.7%
Minutedie
80.6%
Hoteldas
80.6%
Kirchedie
80.6%
Onkelder
80.6%
Bierdas
80.6%
Groβvaterder
80.6%
Tochterdie
80.6%
Sprachedie
80.6%
Studentindie
80.5%
Stadtdie
80.5%
Kuchender
80.5%
Kinodas
80.5%
Groβelterndie
80.5%
Brötchendas
80.5%
Taxidas
80.5%
Zeitdie
80.5%
Geschwisterdie
80.5%
Essendas
80.5%
Hosedie
80.4%
Fragedie
80.4%
Jahrdas
80.4%
Elterndie
80.4%
Jackedie
80.4%
Suppedie
80.4%
Parkder
80.4%
Fahrraddas
80.4%
Sohnder
80.4%
Tantedie
80.4%
Museumdas
80.4%
Eidas
80.3%
Türdie
80.3%
Fischder
80.3%
Partydie
80.3%
Bibliothekdie
80.3%
Feiertagder
80.3%
Straβedie
80.3%
Mädchendas
80.3%
Word Article % Correct
Rockder
80.3%
Käseder
80.3%
Damedie
80.3%
Tellerder
80.3%
Jungeder
80.3%
Kursder
80.2%
Landkartedie
80.2%
Saftder
80.2%
Uhrdie
80.2%
Rathausdas
80.2%
Kinddas
80.2%
Stundedie
80.2%
Jogurtder
80.2%
Weinder
80.2%
Cousinder
80.2%
Salatder
80.2%
Gemüsedas
80.2%
Karottedie
80.1%
Busder
80.1%
Blusedie
80.1%
Eisdas
80.1%
Platzder
80.1%
Hemddas
80%
Bergder
80%
Zitronedie
80%
Cafédas
80%
Zuckerder
80%
Bahnhofder
80%
Theaterdas
80%
Leutedie
80%
Fensterdas
80%
Erdbeeredie
80%
Verkäuferder
80%
Landdas
80%
Seeder
80%
Fleischdas
80%
Milchdie
80%
Pizzadie
80%
Bilddas
80%
Coladie
80%
Kartoffeldie
79.9%
Unidie
79.9%
Touristder
79.9%
Wegder
79.9%
Kleidungdie
79.9%
Postdie
79.9%
Bankdie
79.8%
Wurstdie
79.8%
Wetterdas
79.8%
Mittagessendas
79.8%
Papierdas
79.7%
Schuhder
79.7%
Frühstückdas
79.7%
Abendessendas
79.7%
Geburtstagder
79.7%
Marktder
79.7%
Speisekartedie
79.7%
Brückedie
79.7%
Datumdas
79.7%
Kulider
79.7%
Kleiddas
79.7%
Hauptstadtdie
79.7%
Erbsedie
79.7%
Stuhlder
79.6%
Menschder
79.6%
Word Article % Correct
Überraschungdie
79.6%
T-Shirtdas
79.6%
Farbedie
79.6%
Nachtischder
79.6%
Handdie
79.6%
Zahldie
79.6%
Flussder
79.6%
Prüfungdie
79.6%
Lieddas
79.6%
Jahreszeitdie
79.6%
Obstdas
79.6%
Rechnungdie
79.5%
Heftdas
79.5%
Staatder
79.5%
Mantelder
79.5%
Nachbarder
79.5%
Messerdas
79.5%
Uhrzeitdie
79.5%
Satzder
79.5%
Bohnedie
79.5%
Serviettedie
79.5%
Reisder
79.5%
Kusinedie
79.5%
Bleistiftder
79.4%
Sweatshirtdas
79.4%
Butterdie
79.4%
Geschäftdas
79.4%
Bäckereidie
79.4%
Pommesdie
79.4%
Tafeldie
79.3%
Pfefferder
79.3%
Gurkedie
79.3%
Pfundein
79.3%
Buchhandlungdie
79.3%
Kreidedie
79.3%
Nudeldie
79.2%
Pullider
79.2%
Löffelder
79.2%
Salzdas
79.2%
Stadtplander
79.2%
Ausländerder
79.1%
Geschenkdas
79.1%
Straβenbahndie
79.1%
U-Bahndie
79.1%
Feierdie
79.1%
Every seasonder
79%
Stückein
79%
Haltestelledie
79%
Plätzchendas
79%
Feriendie
79%
Kerzedie
78.9%
Gabeldie
78.9%
Puddingder
78.9%
Mensadie
78.8%
Schlossdas
78.8%
Oberder
78.8%
Domder
78.8%
Lebensmitteldie
78.8%
Every weekdayder
78.8%
Teilder
78.7%
Festdas
78.7%
Every monthder
78.6%
Wanddie
78.6%
Vorlesungdie
78.5%
Sektder
78.5%

You're not logged in!

Compare scores with friends on all Sporcle quizzes.
Sign Up with Email
OR
Log In

You Might Also Like...

Show Comments

Extras

Top Quizzes Today


Score Distribution

Your Account Isn't Verified!

In order to create a playlist on Sporcle, you need to verify the email address you used during registration. Go to your Sporcle Settings to finish the process.